Koncepční nejasnosti. ČSN a státní zkušebnictví.

Úloha ČSN a správnych aktov FÚNM v oblasti skúšania, hodnotenia a overovania akosti výrobkov v podmienkach, kedy dochádza k jednoznačnému rozlíšeniu úlohy štátnych orgánov a organizácií podnikovej sféry. Nová právna úprava ČSN a postavenie Federálneho úradu pre normalizáciu a meranie. Charakteristik...

Celý popis

Uložené v:
Podrobná bibliografia
Hlavný autor: Hrádek, V.
Médium: Kapitola
Jazyk:Czech
Predmet:
Tagy: Pridať tag
Žiadne tagy, Buďte prvý, kto otaguje tento záznam!

MARC

LEADER 00000naa a2200000 4500
001 r003201
005 20221125080050.6
041 0 |a cze 
044 |a [CS] 
245 1 0 |a Koncepční nejasnosti.  |b ČSN a státní zkušebnictví.  |c V. Hrádek 
520 |a Úloha ČSN a správnych aktov FÚNM v oblasti skúšania, hodnotenia a overovania akosti výrobkov v podmienkach, kedy dochádza k jednoznačnému rozlíšeniu úlohy štátnych orgánov a organizácií podnikovej sféry. Nová právna úprava ČSN a postavenie Federálneho úradu pre normalizáciu a meranie. Charakteristika základných systémov overovania akosti výrobkov vo vyspelých krajinách. 
610 2 0 |a normy 
610 2 0 |a ČSN 
610 2 0 |a skúšobníctvo štátne 
610 2 0 |a ČSFR 
610 2 0 |a predpisy právne 
610 2 0 |a kvalita výrobkov 
100 1 |a Hrádek, V.